|
|
|
|
| LEADER |
01915nam a2200517 i 4500 |
| 001 |
nkc20203214187 |
| 003 |
CZ PrNK |
| 005 |
20250407101829.0 |
| 007 |
ta |
| 008 |
200403s2020 xr a f f 000 0 cze |
| 015 |
|
|
|a cnb003214187
|
| 020 |
|
|
|a 978-80-87111-83-3
|q (brožováno)
|
| 035 |
|
|
|a (OCoLC)1200248576
|
| 040 |
|
|
|a BOA001
|b cze
|e rda
|
| 072 |
|
7 |
|a 633
|x Rostlinná výroba
|2 Konspekt
|9 24
|
| 080 |
|
|
|a 633.75
|2 MRF
|
| 080 |
|
|
|a 633.01/.04
|2 MRF
|
| 080 |
|
|
|a 631.584.5
|2 MRF
|
| 080 |
|
|
|a (072)
|2 MRF
|
| 100 |
1 |
|
|a Brant, Václav,
|d 1973-
|7 mzk2008473308
|4 aut
|
| 245 |
1 |
0 |
|a Pěstování máku setého s pomocnou plodinou :
|b pěstební technologie : Vysokomýtská synklinála /
|c Václav Brant, Jindřich Šmöger, Josef Čejka, Milan Kroulík, David Ryčl, Jiří Kunte
|
| 264 |
|
1 |
|a České Budějovice :
|b Kurent s.r.o.,
|c 2020
|
| 300 |
|
|
|a 32 stran :
|b barevné ilustrace ;
|c 21 cm
|
| 336 |
|
|
|a text
|b txt
|2 rdacontent
|
| 337 |
|
|
|a bez média
|b n
|2 rdamedia
|
| 338 |
|
|
|a svazek
|b nc
|2 rdacarrier
|
| 500 |
|
|
|a Název z obálky
|
| 504 |
|
|
|a Obsahuje bibliografii
|
| 650 |
0 |
7 |
|a mák setý
|7 ph198769
|2 czenas
|
| 650 |
0 |
7 |
|a pěstování polních rostlin
|7 ph183359
|2 czenas
|
| 650 |
0 |
7 |
|a pomocné plodiny
|7 ph1065302
|2 czenas
|
| 650 |
0 |
9 |
|a poppy
|2 eczenas
|
| 650 |
0 |
9 |
|a field crops cultivation
|2 eczenas
|
| 650 |
0 |
9 |
|a companion crops
|2 eczenas
|
| 655 |
|
7 |
|a metodické příručky
|7 fd132826
|2 czenas
|
| 655 |
|
9 |
|a methodological manuals
|2 eczenas
|
| 700 |
1 |
|
|a Šmöger, Jindřich,
|d 1971-
|7 jo20251258430
|4 aut
|
| 700 |
1 |
|
|a Čejka, Josef,
|d 1930-2021
|7 xx0283200
|4 aut
|
| 700 |
1 |
|
|a Kroulík, Milan,
|d 1974-
|7 mzk2016907288
|4 aut
|
| 700 |
1 |
|
|a Ryčl, David
|4 aut
|
| 700 |
1 |
|
|a Kunte, Jiří
|4 aut
|
| 910 |
2 |
|
|a BOA001
|b 2-1447.205
|
| 990 |
|
|
|a BK
|
| 995 |
|
|
|a 01
|
| 991 |
|
|
|b 202006
|c NOV
|
| 996 |
6 |
|
|b 2610825735
|c 2-1447.205
|l MZK
|r Sklad / do 1 hodiny
|n 0
|p p.v.
|w 001804471
|u 000010
|a 1
|e BOA001
|j MZK50
|s P
|